=LDR 00000nam 2200000 4500 =001 INLIS000000000021347 =005 20130612120219 =008 ***********************************B. Indo** =035 ##$$0010-061300000021347 =041 ##$$a B. Indo =082 ##$$a 372.8 =090 ##$$a 372.8, Nur i =100 ##$$a Nurachmat, Memet =245 ##$$a Ilmu Pengetahuan Sosial, Ekonomi dan Lembaga-Lembaga Negara 56 Untuk Siswa dan Guru Sekolah Dasar, Memet Nurachmat =260 ##$$a 1996 $b Jakarta =300 ##$$a x, 99 hlm, Ilus, 124 cm =850 ##$$a NBPNMAT